000 01664nam a22002777a 4500
001 1340
005 20240627112822.0
020 _a9789995054410
040 _aFISKH
_beng
_cFISKH
_dFISKH
082 _a398.209595
100 _aSontipheap, Lim
245 _aទេពអប្សរតូច /
_cនិពន្ធដោយ លឹម សន្តិភាព - គូររូបដោយ ញឹក សុផាលាភ
250 _aបោះពុម្ពលើកទី ១០ ខែកញ្ញា ឆ្នាំ ២០២១
260 _aPhnom Penh :
_bSipar,
_c2021.
300 _a28 pages :
_bcolor illustrations ;
_c24 cm
490 _aខ្ញុំចង់អាន
505 _aP
520 _aករុណាជាទេពអប្សរតូច ដែលបានជួយជិវិតមនុស្សលោក។ វាខុសនឹងច្បាប់ទេវតាដែលចែងថា​​​ «ទេវតា គ្មានសិទ្ធលូកដៃក្នុងរឿងមនុស្សលោក»។ ក្រោយមកនាងមិនត្រូវបានដាក់ទោសនោះទេ។
520 _aKaruna is a little fairy who saves human life. It is against the law of angels, which states, "Angels have no right to interfere in human affairs." Later on, she was not convicted.
521 _a650
_bLexile estimate
521 _aP
_bRaz-Plus
650 _aទេពអប្សរ
_vជួយសង្គ្រោះ
_xដាក់ទោស
650 _aAngel
_vHelp
_xConvicted
700 _aSophealeap, Nhoek
_cillustrator
942 _2ddc
_cBK
_n0
999 _c1340
_d1340